000 00787nam a2200241Ia 4500
003 OSt
005 20220926004231.0
006 a|||||r|||| 00| 0
007 ta
008 220923b |||||||| |||| 00| 0 eng d
037 _cGeneral Book
040 _aRTL
_cRTL
_beng
041 _2eng
_aeng
082 _aSigma.2.M, M3
100 _aChatfield Robert
_9151184
245 0 _aSocial, political, historical and commercial revie
260 _a New Delhi
_bPrimla Publishing House India
_c1983
300 _axlii+451p.
_ccm.
500 _aPublished originally as historical review of the commercial, political and moral state of hindoostan 1808
650 _aSocial Sciences
942 _hSigma.2.M, M3
_cGB
_2CC
999 _c610274
_d610274